La tierra de nadie y otros relatos / (Record no. 42974)

MARC details
000 -LEADER
campo de control de longitud fija 00802nam a2200217 i 4500
001 - NÚMERO DE CONTROL
campo de control 42974
003 - IDENTIFICADOR DE NÚMERO DE CONTROL
campo de control ES-MaACL
005 - FECHA Y HORA DE LA ÚLTIMA TRANSACCIÓN
campo de control 20250921063024.0
007 - CAMPO FIJO DE DESCRIPCIÓN FÍSICA--INFORMACIÓN GENERAL
campo de control de longitud fija t|
008 - DATOS DE LONGITUD FIJA--INFORMACIÓN GENERAL
campo de control de longitud fija 180704s1970 sp ||||1| spa d
080 ## - NÚMERO DE LA CLASIFICACIÓN DECIMAL UNIVERSAL
Número de la Clasificación Decimal Universal 821.134.2-32"19"
100 1# - ENTRADA PRINCIPAL--NOMBRE DE PERSONA
Nombre de persona Aldecoa, Ignacio,
Fechas asociadas al nombre 1925-1969
9 (RLIN) 19628
245 13 - MENCIÓN DEL TÍTULO
Título La tierra de nadie y otros relatos /
Mención de responsabilidad, etc. Ignacio Aldecoa ; prólogo Ana María Matute.
260 ## - PUBLICACIÓN, DISTRIBUCIÓN, ETC.
Lugar de publicación, distribución, etc. [S.l.] :
Nombre del editor, distribuidor, etc. Salvat :
-- Alianza,
Fecha de publicación, distribución, etc. 1970.
300 ## - DESCRIPCIÓN FÍSICA
Extensión 188 p. ;
Dimensiones 19 cm.
490 1# - MENCIÓN DE SERIE
Mención de serie Libros "RTV" ;
Designación de volumen o secuencia 45. Biblioteca Básica "Salvat"
700 1# - ENTRADA AGREGADA--NOMBRE PERSONAL
Nombre de persona Matute, Ana María,
Fechas asociadas al nombre 1925-2014
9 (RLIN) 79165
830 0# - PUNTO DE ACCESO ADICIONAL DE SERIE-TÍTULO UNIFORME
Título uniforme Libros "RTV" ;
Designación de volumen o secuencia 45. Biblioteca Básica "Salvat"
9 (RLIN) 229848
852 ## - LOCALIZACIÓN
Ubicación ES-MaACL
Número de control de estantería L-32177
Nota libre .- Donat. herederos de la bibl. de Mª del Pilar Costa Palacín
Holdings
Estatus retirado Estado de pérdida Estado de daño No para préstamo Biblioteca de origen Biblioteca actual Ubicación en estantería Fecha de adquisición Fuente de adquisición Total de préstamos Signatura topográfica completa Código de barras Visto por última vez Precio de reemplazo Tipo de ítem Koha
        Biblioteca del Ateneo de Madrid Biblioteca del Ateneo de Madrid Depósito 2 04/07/2018     L-32177 1199071 23/02/2023 23/02/2023 Libro impreso